[Event "Titled Tuesday intern op 28th Mar Early"]
[Site "Chess.com INT"]
[Date "2023.03.28"]
[Round "10"]
[White "Cnejev, Vladimir Alexandru"]
[Black "Jaivardhan, Raja Pilla"]
[Result "1-0"]
[WhiteElo "2374"]
[BlackElo "1901"]
[PlyCount "101"]
[EventDate "2023.03.28"]
[EventType "swiss (blitz)"]
[EventRounds "11"]
[EventCountry "USA"]
[SourceTitle "EXT 2024"]
[Source "ChessBase"]
[SourceDate "2023.10.10"]
[SourceVersion "1"]
[SourceVersionDate "2023.10.10"]
[SourceQuality "1"]

1. Nf3 d5 2. b3 c5 3. Bb2 Nc6 4. e3 Qc7 5. Bb5 Bd7 6. d4 cxd4 7. Nxd4 Nxd4 8. Bxd7+ Qxd7 9. Bxd4 Nf6 10. Nd2 e6 11. Qc1 Bd6 12. Qb2 Qe7 13. Nf3 Ba3 14. Qb1 0-0 15. 0-0 Ne4 16. c4 g5 17. Rd1 g4 18. Nd2 e5 19. Bb2 Bxb2 20. Qxb2 Nxd2 21. Rxd2 dxc4 22. bxc4 f6 23. Rad1 Rad8 24. Rd5 b6 25. Qd2 Rxd5 26. cxd5 Qd6 27. e4 Kg7 28. Rc1 Rf7 29. Rc6 Qd7 30. Qc3 h5 31. h3 gxh3 32. gxh3 Kh7 33. Kh2 Kh6 34. Qe3+ Kh7 35. Qc3 Kh6 36. Qxe5 Kg7 37. Qg3+ Kh7 38. Qf3 Kg6 39. e5 Qe7 40. Rxf6+ Rxf6 41. Qxf6+ Qxf6 42. exf6 Kxf6 43. f4 a5 44. Kg3 b5 45. Kf3 a4 46. Ke3 b4 47. Kd3 Kf5 48. Kc4 b3 49. axb3 a3 50. Kc3 h4 51. b4 1-0

[Event "Titled Tuesday intern op 28th Mar Early"]
[Site "Chess.com INT"]
[Date "2023.03.28"]
[Round "7"]
[White "Hirneise, Jens"]
[Black "Jaivardhan, Raja Pilla"]
[Result "1/2-1/2"]
[WhiteElo "2277"]
[BlackElo "1901"]
[PlyCount "28"]
[EventDate "2023.03.28"]
[EventType "swiss (blitz)"]
[EventRounds "11"]
[EventCountry "USA"]
[SourceTitle "EXT 2024"]
[Source "ChessBase"]
[SourceDate "2023.10.10"]
[SourceVersion "1"]
[SourceVersionDate "2023.10.10"]
[SourceQuality "1"]

1. d4 Nf6 2. Nf3 e6 3. g3 b6 4. Bg2 Bb7 5. 0-0 Be7 6. c4 0-0 7. Nc3 d5 8. cxd5 exd5 9. e3 c5 10. Ne5 Nc6 11. Nxc6 Bxc6 12. Bd2 cxd4 13. exd4 Bb4 14. Re1 Re8 1/2-1/2